Chromium plating; (Record no. 548676)

000 -LEADER
fixed length control field 00668cam a22001811 4500
082 ## - DEWEY DECIMAL CLASSIFICATION NUMBER
Classification number 671.732
Author Mark RIC
-- L-32, P-60
100 1# - MAIN ENTRY--PERSONAL NAME
Personal name Richards, Edward Samuel.
9 (RLIN) 45075
245 10 - TITLE STATEMENT
Title Chromium plating;
Remainder of title a text-book for the practical electroplater, the production engineer and the student,
Statement of responsibility, etc. by Edward S. Richards. Foreword by J. B. Maclean.
250 ## - EDITION STATEMENT
Edition statement 3rd ed.,
260 ## - PUBLICATION, DISTRIBUTION, ETC.
Place of publication, distribution, etc. London,
Name of publisher, distributor, etc. Griffin,
Date of publication, distribution, etc. 1950.
300 ## - PHYSICAL DESCRIPTION
Extent 154 p.
Other physical details front., illus., fold. pl.
Dimensions 20 cm.
490 0# - SERIES STATEMENT
Series statement Griffin's scientific text-books
500 ## - GENERAL NOTE
General note Extra numbered pages.
526 ## - STUDY PROGRAM INFORMATION NOTE
Program name 0
Interest level 0
Reading level 0
Title point value 671_732000000000000_RIC
650 #0 - SUBJECT ADDED ENTRY--TOPICAL TERM
Topical term or geographic name entry element Chromium-plating.
9 (RLIN) 45076
650 #0 - SUBJECT ADDED ENTRY--TOPICAL TERM
Topical term or geographic name entry element MCE
9 (RLIN) 379
942 ## - ADDED ENTRY ELEMENTS (KOHA)
Source of classification or shelving scheme
Koha item type Book
Holdings
Withdrawn status Lost status Source of classification or shelving scheme Damaged status Not for loan Permanent Location Current Location Date acquired Total Checkouts Full call number Barcode Date last seen Price effective from Koha item type
          Military College of Engineering (MCE) Military College of Engineering (MCE) 09/04/2014   671.732 RIC MCE-2462 09/04/2014 09/04/2014 Book
© 2023 Central Library, National University of Sciences and Technology. All Rights Reserved.